00579nam a2200181Ia 4500003000900000008004100009020001800050040001600068080002500084100001700109245014200126260003600268300001600304650001900320650002200339650002000361700001600381IN-BaIIA211028s9999 xx 000 0 eng d a0-12-003837-4 cIIA Library a047.1:539.18bADV-37 aBederson, B. 0aAdvances in atomic, molecular, and optical physicsbvol. 37cB. Bederson and H. Walther  aSan DiegobAcademic Pressc1996 aviii, 388p. aAtomic Physics aMolecular physics aOptical physics aWalther, H.